Statistics for 2023 中国百家姓排行

Click here to take the quiz!

General Stats

  • This quiz has been taken 2 703 times
  • The average score is 52 of 110

Answer Stats

排名姓氏% Correct
1
99%
2
99%
8
96%
3
94%
4
92%
5
92%
10
92%
12
92%
9
91%
94
86%
6
85%
21
85%
7
79%
14
78%
97
75%
13
74%
1 欧阳
74%
18
72%
11
70%
28
69%
39
68%
15
67%
29
67%
17
66%
45
63%
26
63%
30
61%
62
61%
24
61%
6 诸葛
60%
72
60%
52
59%
25
59%
75
58%
16
57%
19
57%
86
56%
70
56%
7 司马
55%
54
53%
27
53%
47
52%
41
50%
20
50%
46
49%
22
48%
38
48%
23
48%
57
46%
42
45%
44
45%
50
45%
4 上官
44%
65
44%
99
44%
33
43%
40
43%
35
42%
31
42%
43
41%
61
41%
58
41%
48
40%
96
40%
67
40%
36
40%
93
39%
34
39%
59
39%
37
39%
32
36%
71
35%
64
35%
88
35%
83
35%
84
34%
51
33%
53
32%
49
31%
66
30%
55
29%
77
29%
81
29%
85
29%
95
28%
56
28%
74
28%
68
28%
91
27%
73
24%
69
24%
80
24%
78
24%
82
23%
63
22%
87
22%
76
22%
79
22%
2 令狐
21%
60
21%
5 司徒
20%
89
20%
98
19%
3 皇甫
19%
90
18%
100
16%
10 端木
15%
92
14%
8 宇文
13%
9 呼延
9%

Score Distribution

Percentile by Number Answered

Percent of People with Each Score

Your Score History

You have not taken this quiz